[Event "Королевский Гамбит. Южный Федеральный округ."]
[Date "2025-11-21"]
[Round "1.10"]
[Board "10"]
[White "Имранов Махир"]
[WhiteElo "1000"]
[Black "Вершинин Владислав"]
[BlackElo "981"]
[WebSite "https://www.chessopen.ru"]
[GameId "f7f4212f-a7d5-4d9a-97f0-a9ec894fe683"]
[Result "0-1"]

1. d4 { [%clk 0:09:37] } g6 { [%clk 0:09:53] } 2. c3 { [%clk 0:09:38] } Bg7 {
[%clk 0:09:54] } 3. e3 { [%clk 0:09:30] } b6 { [%clk 0:09:49] } 4. Nf3 { [%clk
0:09:20] } Bb7 { [%clk 0:09:50] } 5. b3 { [%clk 0:09:11] } e6 { [%clk 0:09:47]
} 6. h3 { [%clk 0:09:00] } h5 { [%clk 0:09:40] } 7. Na3 { [%clk 0:08:49] } d6 {
[%clk 0:09:29] } 8. Bd2 { [%clk 0:08:42] } Nd7 { [%clk 0:09:21] } 9. Qb1 {
[%clk 0:08:42] } Ne7 { [%clk 0:09:20] } 10. Bd3 { [%clk 0:08:34] } e5 { [%clk
0:08:56] } 11. O-O { [%clk 0:08:31] } f5 { [%clk 0:08:41] } 12. e4 { [%clk
0:08:02] } fxe4 { [%clk 0:08:25] } 13. Bxe4 { [%clk 0:08:01] } Bxe4 { [%clk
0:08:25] } 14. Qxe4 { [%clk 0:07:55] } exd4 { [%clk 0:08:16] } 15. cxd4 { [%clk
0:07:54] } Nf6 { [%clk 0:08:09] } 16. Qe2 { [%clk 0:07:23] } O-O { [%clk
0:08:01] } 17. Rac1 { [%clk 0:07:05] } Re8 { [%clk 0:07:04] } 18. Nh4 { [%clk
0:06:38] } Nf5 { [%clk 0:06:56] } 19. Nxg6 { [%clk 0:06:34] } Rxe2 { [%clk
0:06:57] } 20. Rfe1 { [%clk 0:06:22] } Rxe1+ { [%clk 0:06:48] } 21. Bxe1 {
[%clk 0:06:18] } Kh7 { [%clk 0:06:12] } 22. Nf4 { [%clk 0:06:04] } Nxd4 { [%clk
0:06:05] } 23. Rb1 { [%clk 0:05:52] } Qe8 { [%clk 0:06:00] } 24. Nb5 { [%clk
0:05:40] } Ne2+ { [%clk 0:05:58] } 25. Nxe2 { [%clk 0:05:37] } Qxe2 { [%clk
0:05:58] } 26. Kh2 { [%clk 0:05:24] } Ne4 { [%clk 0:05:51] } 27. Nd4 { [%clk
0:05:21] } Be5+ { [%clk 0:05:49] } 28. g3 { [%clk 0:05:10] } Bxd4 { [%clk
0:05:50] } 29. Kg2 { [%clk 0:04:50] } Bxf2 { [%clk 0:05:49] } 30. Bxf2 { [%clk
0:04:50] } Qxf2+ { [%clk 0:05:50] } 31. Kh1 { [%clk 0:04:48] } Nxg3# { [%clk
0:05:51] } 0-1

[Event "Королевский Гамбит. Южный Федеральный округ."]
[Date "2025-11-21"]
[Round "1.10"]
[Board "10"]
[White "Ковалев Богдан"]
[WhiteElo "1000"]
[Black "Chekashov Egor"]
[BlackElo "1000"]
[WebSite "https://www.chessopen.ru"]
[GameId "d4a34ba7-e5d4-4389-a46b-00ab25006be3"]
[Result "0-1"]

1. e4 { [%clk 0:10:00] } c5 { [%clk 0:09:59] } 2. Qh5 { [%clk 0:09:56] } d6 {
[%clk 0:09:34] } 3. Bc4 { [%clk 0:09:56] } e6 { [%clk 0:09:34] } 4. Bxe6 {
[%clk 0:09:44] } Bxe6 { [%clk 0:09:32] } 5. Nf3 { [%clk 0:09:38] } Nf6 { [%clk
0:09:26] } 6. Qh4 { [%clk 0:09:32] } Be7 { [%clk 0:09:26] } 7. O-O { [%clk
0:09:32] } h6 { [%clk 0:09:19] } 8. b4 { [%clk 0:09:31] } Nfd7 { [%clk 0:09:18]
} 9. bxc5 { [%clk 0:09:32] } Bxh4 { [%clk 0:09:13] } 10. Nxh4 { [%clk 0:09:33]
} Qxh4 { [%clk 0:09:12] } 11. cxd6 { [%clk 0:09:32] } Qg5 { [%clk 0:09:12] }
12. Ba3 { [%clk 0:09:22] } Bh3 { [%clk 0:09:11] } 13. g3 { [%clk 0:08:30] }
Bxf1 { [%clk 0:09:07] } 14. Kxf1 { [%clk 0:08:32] } Qe5 { [%clk 0:08:58] } 15.
Nc3 { [%clk 0:08:31] } Qh5 { [%clk 0:08:50] } 16. d4 { [%clk 0:08:27] } Qxh2 {
[%clk 0:08:51] } 17. Bb2 { [%clk 0:08:09] } O-O { [%clk 0:08:32] } 18. Ne2 {
[%clk 0:07:57] } Qh1+ { [%clk 0:08:26] } 19. Ng1 { [%clk 0:07:53] } Qxe4 {
[%clk 0:08:27] } 20. Ne2 { [%clk 0:07:49] } Qxc2 { [%clk 0:08:25] } 21. Bc3 {
[%clk 0:07:16] } Re8 { [%clk 0:08:20] } 22. Ba5 { [%clk 0:07:04] } Qxe2+ {
[%clk 0:08:18] } 23. Kg1 { [%clk 0:07:03] } Qb2 { [%clk 0:08:12] } 24. Rd1 {
[%clk 0:06:50] } Qxa2 { [%clk 0:08:14] } 25. Bd2 { [%clk 0:06:30] } Qc2 { [%clk
0:08:07] } 26. Re1 { [%clk 0:05:51] } Rxe1+ { [%clk 0:08:03] } 27. Bxe1 { [%clk
0:05:52] } Qd1 { [%clk 0:08:05] } 28. Kf1 { [%clk 0:05:51] } Qxd4 { [%clk
0:08:06] } 29. g4 { [%clk 0:05:47] } Qxd6 { [%clk 0:08:07] } 30. f3 { [%clk
0:05:49] } Qd3+ { [%clk 0:08:02] } 31. Kf2 { [%clk 0:05:46] } Nc6 { [%clk
0:08:03] } 32. g5 { [%clk 0:05:47] } Re8 { [%clk 0:08:04] } 33. gxh6 { [%clk
0:05:48] } gxh6 { [%clk 0:07:59] } 34. f4 { [%clk 0:05:44] } Qc2+ { [%clk
0:07:37] } 35. Kg3 { [%clk 0:05:20] } Rxe1 { [%clk 0:07:35] } 36. Kg4 { [%clk
0:05:19] } Rd1 { [%clk 0:07:36] } 37. Kg3 { [%clk 0:05:19] } Rd3+ { [%clk
0:07:34] } 38. Kg4 { [%clk 0:05:20] } Qg2+ { [%clk 0:07:32] } 39. Kf5 { [%clk
0:05:18] } Qg6# { [%clk 0:07:30] } 0-1

[Event "Королевский Гамбит. Южный Федеральный округ."]
[Date "2025-11-21"]
[Round "1.10"]
[Board "10"]
[White "Саидов Анзор"]
[WhiteElo "1000"]
[Black "Журавель Егор"]
[BlackElo "1000"]
[WebSite "https://www.chessopen.ru"]
[GameId "0b4e1dbf-8cd0-4634-a62b-7c7cba615f94"]
[Result "1-0"]

1. e4 { [%clk 0:09:53] } e5 { [%clk 0:09:42] } 2. Nf3 { [%clk 0:09:46] } Nc6 {
[%clk 0:09:43] } 3. Bc4 { [%clk 0:09:34] } Nf6 { [%clk 0:09:39] } 4. Ng5 {
[%clk 0:09:26] } d5 { [%clk 0:09:33] } 5. exd5 { [%clk 0:09:04] } Nxd5 { [%clk
0:09:33] } 6. Nxf7 { [%clk 0:08:47] } Kxf7 { [%clk 0:09:31] } 7. Qf3+ { [%clk
0:08:44] } Ke8 { [%clk 0:09:23] } 8. Bxd5 { [%clk 0:08:37] } Be7 { [%clk
0:09:07] } 9. Qf7+ { [%clk 0:07:44] } Kd7 { [%clk 0:09:08] } 10. Be6+ { [%clk
0:07:45] } Kd6 { [%clk 0:09:07] } 11. Bxc8 { [%clk 0:06:57] } Rxc8 { [%clk
0:09:03] } 12. O-O { [%clk 0:06:46] } Nd4 { [%clk 0:08:57] } 13. Nc3 { [%clk
0:04:45] } Nxc2 { [%clk 0:08:49] } 14. Qd5# { [%clk 0:04:39] } 1-0

[Event "Королевский Гамбит. Южный Федеральный округ."]
[Date "2025-11-21"]
[Round "1.10"]
[Board "10"]
[White "Ярославцев Алексей"]
[WhiteElo "1000"]
[Black "Морарь Дмитрий"]
[BlackElo "1000"]
[WebSite "https://www.chessopen.ru"]
[GameId "57e819a4-ee2b-49b9-815e-7ea6ca5bdf7a"]
[Result "0-1"]

1. e4 { [%clk 0:09:57] } c5 { [%clk 0:10:01] } 2. Nf3 { [%clk 0:09:57] } Nc6 {
[%clk 0:10:01] } 3. d4 { [%clk 0:09:49] } cxd4 { [%clk 0:10:03] } 4. Nxd4 {
[%clk 0:09:48] } Nf6 { [%clk 0:10:03] } 5. e5 { [%clk 0:09:40] } Nxe5 { [%clk
0:10:03] } 6. Bf4 { [%clk 0:09:24] } Nc6 { [%clk 0:09:54] } 7. Bc4 { [%clk
0:08:44] } Qb6 { [%clk 0:09:49] } 8. c3 { [%clk 0:08:20] } Nxd4 { [%clk
0:09:35] } 9. cxd4 { [%clk 0:08:19] } Qxb2 { [%clk 0:09:30] } 10. Nd2 { [%clk
0:07:53] } Qxd4 { [%clk 0:09:29] } 11. Be3 { [%clk 0:07:42] } Qd6 { [%clk
0:09:18] } 12. Qb3 { [%clk 0:07:25] } e6 { [%clk 0:09:16] } 13. O-O { [%clk
0:06:54] } Be7 { [%clk 0:07:54] } 14. Qd1 { [%clk 0:05:58] } O-O { [%clk
0:07:51] } 15. Qf3 { [%clk 0:04:40] } Qc6 { [%clk 0:07:45] } 16. Qg3 { [%clk
0:04:19] } d5 { [%clk 0:07:14] } 17. Bd3 { [%clk 0:03:44] } Qd6 { [%clk
0:07:03] } 18. Bf4 { [%clk 0:03:40] } Qa3 { [%clk 0:06:05] } 19. Be5 { [%clk
0:02:52] } Nh5 { [%clk 0:05:59] } 20. Qh3 { [%clk 0:02:18] } g6 { [%clk
0:05:57] } 21. g4 { [%clk 0:02:04] } Bf6 { [%clk 0:05:46] } 22. Bxf6 { [%clk
0:01:24] } Nxf6 { [%clk 0:05:46] } 23. f4 { [%clk 0:01:16] } Ne4 { [%clk
0:05:41] } 24. Nb3 { [%clk 0:00:57] } f5 { [%clk 0:05:33] } 25. gxf5 { [%clk
0:00:42] } exf5 { [%clk 0:05:33] } 26. Rf3 { [%clk 0:00:39] } b6 { [%clk
0:05:21] } 27. Bxe4 { [%clk 0:00:40] } dxe4 { [%clk 0:05:19] } 28. Rg3 { [%clk
0:00:37] } Be6 { [%clk 0:05:16] } 29. Qh6 { [%clk 0:00:16] } Qb2 { [%clk
0:05:03] } 30. Rxg6+ { [%clk 0:00:12] } hxg6 { [%clk 0:05:03] } 31. Qxg6+ {
[%clk 0:00:11] } Qg7 { [%clk 0:05:02] } 32. Qxg7+ { [%clk 0:00:10] } Kxg7 {
[%clk 0:05:04] } 33. Rc1 { [%clk 0:00:10] } Rac8 { [%clk 0:05:04] } 34. Rd1 {
[%clk 0:00:12] } Bxb3 { [%clk 0:05:03] } 35. axb3 { [%clk 0:00:13] } Rfd8 {
[%clk 0:05:04] } 36. Rd7+ { [%clk 0:00:16] } Rxd7 { [%clk 0:05:06] } 37. Kf2 {
[%clk 0:00:18] } Rd2+ { [%clk 0:05:04] } 38. Kg3 { [%clk 0:00:20] } Rc3+ {
[%clk 0:05:05] } 39. Kh4 { [%clk 0:00:22] } Kg6 { [%clk 0:05:00] } 40. h3 {
[%clk 0:00:23] } Rh2 { [%clk 0:05:01] } 41. b4 { [%clk 0:00:22] } Rcxh3# {
[%clk 0:05:02] } 0-1

[Event "Королевский Гамбит. Южный Федеральный округ."]
[Date "2025-11-21"]
[Round "1.11"]
[Board "11"]
[White "Другов Андрей"]
[WhiteElo "1000"]
[Black "Бланк алексей"]
[BlackElo "1000"]
[WebSite "https://www.chessopen.ru"]
[GameId "07e5d393-07c7-4784-a313-fc551bec7e30"]
[Result "0-1"]

1. c4 { [%clk 0:10:00] } e5 { [%clk 0:09:55] } 2. g3 { [%clk 0:09:58] } c6 {
[%clk 0:09:44] } 3. Bg2 { [%clk 0:09:57] } d5 { [%clk 0:09:39] } 4. cxd5 {
[%clk 0:09:53] } cxd5 { [%clk 0:09:34] } 5. Qb3 { [%clk 0:09:49] } Nf6 { [%clk
0:09:29] } 6. e3 { [%clk 0:09:40] } Nc6 { [%clk 0:09:25] } 7. Ne2 { [%clk
0:09:25] } Bd6 { [%clk 0:09:10] } 8. Nbc3 { [%clk 0:09:14] } d4 { [%clk
0:09:05] } 9. exd4 { [%clk 0:09:07] } exd4 { [%clk 0:09:03] } 10. Nxd4 { [%clk
0:08:59] } Nxd4 { [%clk 0:09:00] } 11. Qa4+ { [%clk 0:08:54] } Nc6 { [%clk
0:08:56] } 12. Bxc6+ { [%clk 0:08:45] } bxc6 { [%clk 0:08:51] } 13. Qxc6+ {
[%clk 0:08:41] } Qd7 { [%clk 0:08:40] } 14. Qxa8 { [%clk 0:08:38] } O-O { [%clk
0:08:25] } 15. Qg2 { [%clk 0:08:29] } Bb7 { [%clk 0:08:09] } 16. f3 { [%clk
0:08:23] } Re8+ { [%clk 0:08:00] } 17. Kd1 { [%clk 0:08:13] } Qf5 { [%clk
0:07:54] } 18. Rf1 { [%clk 0:07:57] } Qd3 { [%clk 0:07:48] } 19. Ne4 { [%clk
0:07:48] } Nxe4 { [%clk 0:07:44] } 20. fxe4 { [%clk 0:07:40] } Bxe4 { [%clk
0:07:39] } 21. Qe2 { [%clk 0:07:34] } Qc2+ { [%clk 0:07:34] } 22. Ke1 { [%clk
0:07:30] } Bc6 { [%clk 0:07:25] } 23. Rf2 { [%clk 0:07:20] } Rxe2+ { [%clk
0:07:17] } 24. Rxe2 { [%clk 0:07:14] } h6 { [%clk 0:07:07] } 25. Re3 { [%clk
0:07:06] } Bd7 { [%clk 0:06:59] } 26. Re2 { [%clk 0:07:00] } Qd3 { [%clk
0:06:52] } 27. Re3 { [%clk 0:06:54] } Qd5 { [%clk 0:06:47] } 28. Kf2 { [%clk
0:06:36] } Qh1 { [%clk 0:06:42] } 29. h3 { [%clk 0:06:28] } Bc5 { [%clk
0:06:37] } 30. g4 { [%clk 0:06:22] } Bxe3+ { [%clk 0:06:30] } 31. dxe3 { [%clk
0:06:16] } Qxh3 { [%clk 0:06:26] } 32. Ke2 { [%clk 0:06:11] } Bxg4+ { [%clk
0:06:23] } 33. Kd3 { [%clk 0:06:06] } Bf5+ { [%clk 0:06:21] } 34. Kc3 { [%clk
0:05:59] } Qf1 { [%clk 0:06:15] } 35. Kb4 { [%clk 0:05:48] } h5 { [%clk
0:06:00] } 36. Kc3 { [%clk 0:05:43] } h4 { [%clk 0:06:01] } 37. b3 { [%clk
0:05:34] } Qd3+ { [%clk 0:05:59] } 38. Kb4 { [%clk 0:05:22] } h3 { [%clk
0:05:46] } 39. a4 { [%clk 0:05:17] } h2 { [%clk 0:05:43] } 40. Bb2 { [%clk
0:05:12] } Qe4+ { [%clk 0:05:26] } 41. Bd4 { [%clk 0:05:07] } h1=Q { [%clk
0:05:24] } 42. Rxh1 { [%clk 0:05:04] } Qxh1 { [%clk 0:05:24] } 43. Bxa7 { [%clk
0:04:52] } Qb7+ { [%clk 0:05:24] } 44. Kc4 { [%clk 0:04:43] } Qxa7 { [%clk
0:05:19] } 45. e4 { [%clk 0:04:38] } Bxe4 { [%clk 0:05:15] } 0-1

[Event "Королевский Гамбит. Южный Федеральный округ."]
[Date "2025-11-21"]
[Round "1.11"]
[Board "11"]
[White "Переверзева Мария"]
[WhiteElo "1000"]
[Black "Глебец Кристина"]
[BlackElo "1000"]
[WebSite "https://www.chessopen.ru"]
[GameId "33641f63-55fe-42bd-a6f2-329dddfa2dc3"]
[Result "1/2-1/2"]

1. e4 { [%clk 0:09:57] } e5 { [%clk 0:09:59] } 2. Bb5 { [%clk 0:09:51] } c6 {
[%clk 0:09:54] } 3. Ba4 { [%clk 0:09:47] } Bb4 { [%clk 0:09:50] } 4. c3 { [%clk
0:09:45] } Bc5 { [%clk 0:09:48] } 5. d4 { [%clk 0:09:40] } exd4 { [%clk
0:09:43] } 6. cxd4 { [%clk 0:09:40] } Bd6 { [%clk 0:09:40] } 7. Nf3 { [%clk
0:09:39] } Ne7 { [%clk 0:09:39] } 8. O-O { [%clk 0:09:38] } O-O { [%clk
0:09:40] } 9. Nc3 { [%clk 0:09:34] } Qa5 { [%clk 0:09:40] } 10. Bg5 { [%clk
0:09:14] } Ng6 { [%clk 0:09:33] } 11. b4 { [%clk 0:08:36] } Bxb4 { [%clk
0:09:26] } 12. Ne2 { [%clk 0:07:58] } Na6 { [%clk 0:09:03] } 13. e5 { [%clk
0:07:19] } Ba3 { [%clk 0:08:27] } 14. Bb3 { [%clk 0:07:09] } d5 { [%clk
0:08:13] } 15. Qd3 { [%clk 0:06:40] } Bb2 { [%clk 0:07:55] } 16. Rab1 { [%clk
0:06:30] } Qxa2 { [%clk 0:07:05] } 17. Bxa2 { [%clk 0:06:27] } Nb4 { [%clk
0:06:43] } 18. Qb3 { [%clk 0:06:15] } Na6 { [%clk 0:06:07] } 19. Rxb2 { [%clk
0:06:07] } Bf5 { [%clk 0:06:02] } 20. Nd2 { [%clk 0:05:33] } b5 { [%clk
0:05:47] } 21. Qf3 { [%clk 0:05:24] } Be6 { [%clk 0:05:34] } 22. Nf4 { [%clk
0:05:14] } Bd7 { [%clk 0:04:48] } 23. Nxg6 { [%clk 0:04:59] } fxg6 { [%clk
0:04:35] } 24. Qh3 { [%clk 0:04:24] } Bxh3 { [%clk 0:04:08] } 25. gxh3 { [%clk
0:04:24] } Nc7 { [%clk 0:03:52] } 26. Ne4 { [%clk 0:04:10] } Kh8 { [%clk
0:03:23] } 27. Nd6 { [%clk 0:02:25] } Ne6 { [%clk 0:03:07] } 28. Be7 { [%clk
0:02:17] } Rf4 { [%clk 0:01:50] } 29. Rc2 { [%clk 0:01:51] } Nxd4 { [%clk
0:01:46] } 30. Rd2 { [%clk 0:01:30] } Nf3+ { [%clk 0:01:44] } 31. Kg2 { [%clk
0:01:16] } Nxd2 { [%clk 0:01:44] } 32. Kg3 { [%clk 0:00:57] } Nxf1+ { [%clk
0:01:45] } 33. Kxf4 { [%clk 0:00:52] } Nxh2 { [%clk 0:01:42] } 34. Ke3 { [%clk
0:00:31] } a5 { [%clk 0:01:42] } 35. f4 { [%clk 0:00:25] } b4 { [%clk 0:01:42]
} 36. e6 { [%clk 0:00:22] } a4 { [%clk 0:01:34] } 37. Nf7+ { [%clk 0:00:15] }
Kg8 { [%clk 0:01:27] } 38. Bxb4 { [%clk 0:00:16] } Rb8 { [%clk 0:01:21] } 39.
Ba3 { [%clk 0:00:17] } Nf1+ { [%clk 0:01:15] } 40. Kf2 { [%clk 0:00:16] } Nd2 {
[%clk 0:01:13] } 41. Nd6 { [%clk 0:00:10] } Nb3 { [%clk 0:00:58] } 42. e7 {
[%clk 0:00:10] } d4 { [%clk 0:00:45] } 43. e8=Q+ { [%clk 0:00:09] } Rxe8 {
[%clk 0:00:43] } 44. Nxe8 { [%clk 0:00:09] } d3 { [%clk 0:00:43] } 45. Bb4 {
[%clk 0:00:10] } d2 { [%clk 0:00:41] } 46. Bxd2 { [%clk 0:00:11] } Kf8 { [%clk
0:00:36] } 47. Bc3 { [%clk 0:00:03] } Kxe8 { [%clk 0:00:35] } 48. Bxg7 { [%clk
0:00:04] } c5 { [%clk 0:00:32] } 49. Bb2 { [%clk 0:00:05] } c4 { [%clk 0:00:32]
} 50. Bxb3 { [%clk 0:00:07] } cxb3 { [%clk 0:00:33] } 51. Ke3 { [%clk 0:00:09]
} Kf8 { [%clk 0:00:32] } 52. Kd3 { [%clk 0:00:10] } Kf7 { [%clk 0:00:34] } 53.
Kc3 { [%clk 0:00:12] } Kf6 { [%clk 0:00:31] } 54. Kb4+ { [%clk 0:00:12] } Kf5 {
[%clk 0:00:31] } 55. Be5 { [%clk 0:00:12] } b2 { [%clk 0:00:30] } 56. Bxb2 {
[%clk 0:00:12] } Kxf4 { [%clk 0:00:31] } 57. Kxa4 { [%clk 0:00:13] } Kg3 {
[%clk 0:00:29] } 58. Be5+ { [%clk 0:00:14] } Kxh3 { [%clk 0:00:31] } 59. Kb4 {
[%clk 0:00:16] } g5 { [%clk 0:00:30] } 60. Kc3 { [%clk 0:00:17] } g4 { [%clk
0:00:32] } 61. Kd2 { [%clk 0:00:18] } g3 { [%clk 0:00:33] } 62. Bd4 { [%clk
0:00:19] } g2 { [%clk 0:00:35] } 63. Ke2 { [%clk 0:00:21] } Kh2 { [%clk
0:00:33] } 64. Kf3 { [%clk 0:00:22] } g1=Q { [%clk 0:00:34] } 65. Bxg1+ { [%clk
0:00:22] } Kxg1 { [%clk 0:00:34] } 66. Kg4 { [%clk 0:00:23] } Kg2 { [%clk
0:00:34] } 67. Kh5 { [%clk 0:00:25] } Kg3 { [%clk 0:00:34] } 68. Kh6 { [%clk
0:00:26] } Kg4 { [%clk 0:00:35] } 69. Kxh7 { [%clk 0:00:28] } 1/2-1/2

[Event "Королевский Гамбит. Южный Федеральный округ."]
[Date "2025-11-21"]
[Round "1.11"]
[Board "11"]
[White "Тенгелиди Максим"]
[WhiteElo "1000"]
[Black "Губарев Матвей"]
[BlackElo "1000"]
[WebSite "https://www.chessopen.ru"]
[GameId "343a4483-d3e6-494f-999b-8bf701f25a26"]
[Result "1-0"]

1. e4 { [%clk 0:09:59] } e5 { [%clk 0:10:01] } 2. Nf3 { [%clk 0:10:00] } Nc6 {
[%clk 0:10:01] } 3. Bb5 { [%clk 0:10:02] } Nf6 { [%clk 0:09:58] } 4. Nc3 {
[%clk 0:10:02] } a6 { [%clk 0:09:53] } 5. Ba4 { [%clk 0:10:02] } d6 { [%clk
0:09:52] } 6. d3 { [%clk 0:10:01] } Bd7 { [%clk 0:09:47] } 7. Bg5 { [%clk
0:09:59] } h6 { [%clk 0:09:42] } 8. Bh4 { [%clk 0:09:57] } Qe7 { [%clk 0:09:41]
} 9. Nd5 { [%clk 0:09:52] } Qe6 { [%clk 0:09:32] } 10. Bb3 { [%clk 0:09:44] }
Na5 { [%clk 0:09:11] } 11. Nxc7+ { [%clk 0:09:37] } Kd8 { [%clk 0:09:08] } 12.
Bxe6 { [%clk 0:09:30] } Bxe6 { [%clk 0:09:08] } 13. Nxa8 { [%clk 0:09:31] } d5
{ [%clk 0:08:48] } 14. Bxf6+ { [%clk 0:09:26] } gxf6 { [%clk 0:08:48] } 15. Qd2
{ [%clk 0:09:19] } Bd6 { [%clk 0:08:46] } 16. Qxa5+ { [%clk 0:09:20] } Kc8 {
[%clk 0:08:45] } 17. Qc3+ { [%clk 0:09:09] } Kd7 { [%clk 0:08:46] } 18. Nb6+ {
[%clk 0:09:08] } Ke7 { [%clk 0:08:44] } 19. exd5 { [%clk 0:08:56] } Bc8 { [%clk
0:08:37] } 20. Nxc8+ { [%clk 0:08:51] } Rxc8 { [%clk 0:08:38] } 21. Qxc8 {
[%clk 0:08:52] } a5 { [%clk 0:08:31] } 22. O-O { [%clk 0:08:44] } b5 { [%clk
0:08:11] } 23. Qb7+ { [%clk 0:08:36] } Kd8 { [%clk 0:08:08] } 24. Qb6+ { [%clk
0:08:32] } Kd7 { [%clk 0:08:08] } 25. Qc6+ { [%clk 0:08:34] } Ke7 { [%clk
0:08:04] } 26. Rfe1 { [%clk 0:08:31] } b4 { [%clk 0:08:01] } 27. c3 { [%clk
0:08:26] } bxc3 { [%clk 0:07:55] } 28. bxc3 { [%clk 0:08:28] } Kf8 { [%clk
0:07:57] } 29. Qc8+ { [%clk 0:08:26] } Kg7 { [%clk 0:07:58] } 30. Qg4+ { [%clk
0:08:25] } Kf8 { [%clk 0:07:58] } 31. Rab1 { [%clk 0:08:26] } a4 { [%clk
0:07:50] } 32. c4 { [%clk 0:08:25] } f5 { [%clk 0:07:42] } 33. Qxf5 { [%clk
0:08:20] } a3 { [%clk 0:07:41] } 34. c5 { [%clk 0:08:20] } Bxc5 { [%clk
0:07:41] } 35. Rb8+ { [%clk 0:08:21] } Ke7 { [%clk 0:07:42] } 36. Rb7+ { [%clk
0:08:19] } Kd6 { [%clk 0:07:42] } 37. Qd7# { [%clk 0:08:16] } 1-0

[Event "Королевский Гамбит. Южный Федеральный округ."]
[Date "2025-11-21"]
[Round "1.11"]
[Board "11"]
[White "Чурбанов Максим"]
[WhiteElo "1000"]
[Black "Асламазян Эдмон"]
[BlackElo "1000"]
[WebSite "https://www.chessopen.ru"]
[GameId "dfd647c9-a902-48a6-be91-fccc822198b3"]
[Result "1/2-1/2"]

1. d4 { [%clk 0:08:21] } d6 { [%clk 0:09:25] } 2. c3 { [%clk 0:08:14] } e5 {
[%clk 0:09:23] } 3. dxe5 { [%clk 0:08:14] } dxe5 { [%clk 0:09:23] } 4. Qxd8+ {
[%clk 0:08:15] } Kxd8 { [%clk 0:09:23] } 5. f4 { [%clk 0:08:13] } exf4 { [%clk
0:09:23] } 6. Bxf4 { [%clk 0:08:14] } Nc6 { [%clk 0:09:20] } 7. b4 { [%clk
0:08:14] } a5 { [%clk 0:09:09] } 8. b5 { [%clk 0:08:07] } Na7 { [%clk 0:08:57]
} 9. Nf3 { [%clk 0:07:53] } Nxb5 { [%clk 0:08:55] } 10. c4 { [%clk 0:07:42] }
Na7 { [%clk 0:08:52] } 11. Nc3 { [%clk 0:07:35] } Nf6 { [%clk 0:08:46] } 12.
Nd5 { [%clk 0:07:35] } c6 { [%clk 0:08:33] } 13. Bc7+ { [%clk 0:07:32] } Kd7 {
[%clk 0:08:30] } 14. Nxf6+ { [%clk 0:07:19] } gxf6 { [%clk 0:08:25] } 15. Bxa5
{ [%clk 0:07:10] } Bg7 { [%clk 0:08:15] } 16. Rd1+ { [%clk 0:07:11] } Ke7 {
[%clk 0:07:58] } 17. Bb4+ { [%clk 0:07:02] } Ke6 { [%clk 0:07:38] } 18. Rd6+ {
[%clk 0:06:56] } Kf5 { [%clk 0:07:21] } 19. g4+ { [%clk 0:06:35] } Kxg4 { [%clk
0:07:00] } 20. h3+ { [%clk 0:05:52] } Kh5 { [%clk 0:06:56] } 21. Bc3 { [%clk
0:05:32] } Rg8 { [%clk 0:06:47] } 22. Bxf6 { [%clk 0:05:26] } Bxf6 { [%clk
0:06:41] } 23. Rxf6 { [%clk 0:05:26] } Rg6 { [%clk 0:06:40] } 24. Rf5+ { [%clk
0:05:20] } Bxf5 { [%clk 0:06:35] } 25. Ne5 { [%clk 0:05:07] } Re6 { [%clk
0:06:25] } 26. Nxf7 { [%clk 0:04:37] } Kg6 { [%clk 0:06:06] } 27. Ng5 { [%clk
0:04:09] } Kxg5 { [%clk 0:06:04] } 28. h4+ { [%clk 0:04:12] } Kf6 { [%clk
0:06:02] } 29. Kd2 { [%clk 0:03:57] } Rd8+ { [%clk 0:05:50] } 30. Kc3 { [%clk
0:03:53] } Be4 { [%clk 0:05:39] } 31. Rg1 { [%clk 0:03:35] } Nc8 { [%clk
0:05:24] } 32. a4 { [%clk 0:03:25] } Nd6 { [%clk 0:04:57] } 33. c5 { [%clk
0:03:23] } Nf5 { [%clk 0:03:43] } 34. Bh3 { [%clk 0:03:01] } h5 { [%clk
0:03:26] } 35. Bxf5 { [%clk 0:02:58] } Kxf5 { [%clk 0:03:25] } 36. Rg5+ { [%clk
0:02:55] } Kf4 { [%clk 0:03:20] } 37. Rg7 { [%clk 0:02:47] } Rg6 { [%clk
0:03:14] } 38. Rxb7 { [%clk 0:02:43] } Rg1 { [%clk 0:03:02] } 39. a5 { [%clk
0:02:32] } Rc1+ { [%clk 0:02:53] } 40. Kb4 { [%clk 0:02:30] } Rb1+ { [%clk
0:02:48] } 41. Kc4 { [%clk 0:02:20] } Rxb7 { [%clk 0:02:44] } 42. a6 { [%clk
0:02:17] } Ra7 { [%clk 0:02:39] } 43. e3+ { [%clk 0:02:14] } Kxe3 { [%clk
0:02:36] } 44. Kb4 { [%clk 0:02:12] } Rxa6 { [%clk 0:02:27] } 45. Kc4 { [%clk
0:02:04] } Rd6 { [%clk 0:02:24] } 46. cxd6 { [%clk 0:02:04] } Bd5+ { [%clk
0:02:17] } 47. Kc5 { [%clk 0:02:03] } Ra5+ { [%clk 0:02:08] } 48. Kb6 { [%clk
0:02:01] } Rb5+ { [%clk 0:02:00] } 49. Kc7 { [%clk 0:02:01] } Ra5 { [%clk
0:01:46] } 50. Kb7 { [%clk 0:01:55] } c5+ { [%clk 0:01:42] } 51. Kb8 { [%clk
0:01:49] } Rb5+ { [%clk 0:01:40] } 52. Kc7 { [%clk 0:01:47] } Bc6 { [%clk
0:01:34] } 53. Kxc6 { [%clk 0:01:47] } Rb4 { [%clk 0:01:32] } 54. d7 { [%clk
0:01:47] } Rd4 { [%clk 0:01:27] } 55. Kc7 { [%clk 0:01:43] } c4 { [%clk
0:01:27] } 56. d8=Q { [%clk 0:01:41] } Rxd8 { [%clk 0:01:26] } 57. Kxd8 { [%clk
0:01:42] } c3 { [%clk 0:01:28] } 58. Kc7 { [%clk 0:01:42] } c2 { [%clk 0:01:29]
} 59. Kc6 { [%clk 0:01:44] } c1=Q+ { [%clk 0:01:29] } 60. Kd5 { [%clk 0:01:45]
} Qd2+ { [%clk 0:01:29] } 61. Kc4 { [%clk 0:01:46] } Qd3+ { [%clk 0:01:28] }
62. Kb4 { [%clk 0:01:47] } Qd4+ { [%clk 0:01:28] } 63. Kb3 { [%clk 0:01:49] }
Qxh4 { [%clk 0:01:29] } 64. Kc3 { [%clk 0:01:49] } Qd4+ { [%clk 0:01:25] } 65.
Kc2 { [%clk 0:01:51] } Qd3+ { [%clk 0:01:24] } 66. Kb2 { [%clk 0:01:52] } Kd2 {
[%clk 0:01:20] } 67. Ka2 { [%clk 0:01:54] } Qc3 { [%clk 0:01:15] } 68. Kb1 {
[%clk 0:01:55] } Qc2+ { [%clk 0:01:09] } 69. Ka1 { [%clk 0:01:57] } h4 { [%clk
0:00:56] } 1/2-1/2